Normal view
MARC view
- Beenish Bakhtawar
Entry Personal Name
001 - CONTROL NUMBER
- control field: 26239
003 - CONTROL NUMBER IDENTIFIER
- control field: NUST
005 - DATE AND TIME OF LATEST TRANSACTION
- control field: 20191126155305.0
008 - FIXED-LENGTH DATA ELEMENTS
- fixed length control field: 191126|| aca||aabn | a|a d
040 ## - CATALOGING SOURCE
- Original cataloging agency: NUST
- Transcribing agency: NUST
100 ## - HEADING--PERSONAL NAME
- Personal name: Beenish Bakhtawar
670 ## - SOURCE DATA FOUND
- Source citation: Work cat.: (NUST): Beenish Bakhtawar, Metro Bus Islamabad - Rawalpindi, c2014
